| 000 | 00964nam a2200361 a 4500 | ||
|---|---|---|---|
| 003 | AR-BaBNM | ||
| 005 | 20251128203437.0 | ||
| 008 | 082120s2002 ||||||||||||||000 | spa|| | ||
| 040 | _cAR-BaBNM | ||
| 100 | 1 | _aSánchez, Luis Alberto | |
| 245 | 0 | 0 | _aNueva historia de la literatura americana |
| 260 |
_aBuenos Aires _bAmericalee _c1944 |
||
| 300 | _a476 p. | ||
| 500 | _aContiene índice de nombres en p. 457 | ||
| 650 | 4 | _aCONQUISTA DE AMERICA | |
| 650 | 4 | _aHISTORIA LITERARIA | |
| 650 | 4 | _aLITERATURA ESPAÑOLA | |
| 650 | 4 | _aLITERATURA LATINOAMERICANA | |
| 650 | 4 | _aLENGUAS AMERINDIAS | |
| 650 | 4 | _aARTE RELIGIOSO | |
| 650 | 4 | _aROMANTICISMO | |
| 650 | 4 | _aHISTORIA AMERICANA | |
| 650 | 4 | _aREALISMO | |
| 650 | 4 | _aLITERATURA CONTEMPORANEA | |
| 653 | _aCRONICA DE INDIAS | ||
| 653 | _aEVANGELIZACION | ||
| 653 | _aBARROCO | ||
| 653 | _aCOSTUMBRISMO | ||
| 653 | _aMODERNISMO | ||
| 655 | _aLITERATURA | ||
| 942 | _cBK | ||
| 998 | _cMARTIN | ||
| 999 |
_c3416 _d3416 |
||